[Event "AUTO-OPEN-4645"]
[Site "http://www.queenalice.com/game.php?id=1871131"]
[Date "2026.3.28"]
[Round "1"]
[White "cerenzo72"]
[Black "zubarev"]
[Result "1-0"]
[WhiteElo "2153"]
[BlackElo "1916"]

1. c4 e5 2. g3 Nf6 3. Bg2 Nc6 4. Nc3 d6 5. e3 Be6 6. b3 Qd7 7. d4 exd4 8. exd4
d5 9. cxd5 Nxd5 10. Nge2 Bb4 11. Bb2 O-O 12. O-O f5 13. f4 Ne3 14. Qd3 Nxf1 15.
Rxf1 Rad8 16. d5 Ne7 17. Qd4 c5 18. Qe5 Bf7 19. Nb5 1-0

[Event "AUTO-ADV-4927"]
[Site "http://www.queenalice.com/game.php?id=1871239"]
[Date "2026.3.30"]
[Round "1"]
[White "SGF"]
[Black "zubarev"]
[Result "0-1"]
[WhiteElo "1672"]
[BlackElo "1936"]

1. e4 e5 2. Qf3 Nf6 3. d3 Be7 4. Be2 d6 5. Qg3 Rg8 6. h4 Nc6 7. c3 Be6 8. Bg5
Qd7 9. b4 a6 10. a4 h6 11. Bxf6 Bxf6 12. Nd2 d5 13. a5 dxe4 14. dxe4 O-O-O 15.
Bd3 Qxd3 16. Qxd3 Rxd3 17. Rc1 Rgd8 18. Ngf3 Na7 19. O-O Bxh4 20. Nxh4 Rxd2 21.
Nf3 Ra2 22. Nxe5 f6 23. Ng6 Rdd2 24. Nf4 Bc4 25. Rfd1 Rxf2 26. g3 Rfc2 27. Rxc2
Rxc2 28. Nd5 Bxd5 29. Rxd5 Rxc3 30. Kg2 Rc4 31. Kf3 Rxb4 32. e5 Rb5 33. Rxb5
Nxb5 34. exf6 gxf6 35. Kf4 Kd7 36. Kf5 c5 37. Kxf6 c4 38. Kg6 c3 39. Kxh6 c2 40.
g4 c1=R 41. g5 Ke7 42. g6 Kf6 43. Kh7 Rg1 44. g7 Nd4 45. g8=Q Rxg8 46. Kxg8 Nc6
47. Kf8 Nxa5 48. Ke8 b5 49. Kd7 b4 50. Kd6 b3 51. Kc5 b2 52. Kb6 b1=Q+ 53. Kxa5
Ke6 54. Kxa6 Kd6 55. Ka7 Kc7 56. Ka6 Qb6# 0-1

[Event "AUTO-ADV-4927"]
[Site "http://www.queenalice.com/game.php?id=1871240"]
[Date "2026.3.30"]
[Round "1"]
[White "zubarev"]
[Black "SGF"]
[Result "1-0"]
[WhiteElo "1916"]
[BlackElo "1666"]

1. d4 d5 2. Nc3 e6 3. e3 Bb4 4. Bd2 a5 5. Bd3 h5 6. Nf3 f6 7. O-O g5 8. e4 Bxc3
9. Bxc3 g4 10. Nh4 Ne7 11. e5 f5 12. g3 c6 13. Bd2 Qb6 14. c4 Qxb2 15. Be3 b5
16. cxb5 cxb5 17. Rc1 Qxa2 18. Bxb5+ Bd7 19. Bxd7+ Nxd7 20. Rc7 Rc8 21. Ng6 Nxg6
22. Rxc8+ Ke7 23. Rxh8 Nxh8 24. Bg5+ Kf7 25. Qc1 Kg6 26. Bh4 Nb6 27. Qg5+ Kf7
28. Qf6+ Ke8 29. Qe7# 1-0

[Event "AUTO-ADV-4927"]
[Site "http://www.queenalice.com/game.php?id=1871265"]
[Date "2026.3.30"]
[Round "1"]
[White "game"]
[Black "zubarev"]
[Result "0-1"]
[WhiteElo "1646"]
[BlackElo "1928"]

1. e4 e5 2. Nf3 Nc6 3. Bc4 Be7 4. h4 Nf6 5. Ng5 O-O 6. Nc3 h6 7. Nf3 d6 8. d3
Bg4 9. Bd2 Nd4 10. Be3 c5 11. Bxd4 cxd4 12. Nb5 a6 13. Na3 b5 14. Bd5 Nxd5 15.
exd5 f5 16. Qd2 Rc8 17. O-O Bxf3 18. gxf3 Bxh4 19. Kg2 Bg5 20. f4 Bxf4 21. Qe2
Qg5+ 22. Kh1 Qh4+ 23. Kg2 Rf6 24. Rh1 Rg6+ 25. Kf1 Qxh1# 0-1

[Event "AUTO-ADV-4927"]
[Site "http://www.queenalice.com/game.php?id=1871266"]
[Date "2026.3.30"]
[Round "1"]
[White "zubarev"]
[Black "game"]
[Result "1-0"]
[WhiteElo "1902"]
[BlackElo "1652"]

1. d4 d5 2. Nc3 Nf6 3. Nf3 e6 4. e3 Bb4 5. Bd2 O-O 6. Bd3 Nc6 7. O-O Bd6 8. Re1
Na5 9. Nxd5 exd5 10. Bxa5 b6 11. Bd2 c5 12. c3 Qc7 13. h3 g5 14. Nxg5 Kh8 15.
Qf3 Be7 16. e4 cxd4 17. e5 Ne8 18. Nxh7 Rg8 19. Qh5 Ng7 20. Qh6 f5 21. Nf8# 1-0

[Event "AUTO-OPEN-4646"]
[Site "http://www.queenalice.com/game.php?id=1871422"]
[Date "2026.4.4"]
[Round "1"]
[White "zubarev"]
[Black "game"]
[Result "1-0"]
[WhiteElo "1941"]
[BlackElo "1637"]

1. d4 d6 2. e4 d5 3. e5 e6 4. f4 Nc6 5. Be3 Bb4+ 6. c3 Ba5 7. Nd2 Nge7 8. Bb5
Ng6 9. Bxc6+ bxc6 10. Qa4 Rb8 11. Qxa5 Ra8 12. Ngf3 O-O 13. Qa4 Bd7 14. Qc2 a5
15. O-O Nh4 16. Nxh4 Qxh4 17. Rf3 f5 18. exf6 g6 19. Rg3 Rxf6 20. Rf1 Raf8 21.
Nf3 Qh6 22. Ne5 Qg7 23. Qa4 Rb8 24. Qxa5 c5 25. Qxc7 Rxb2 26. Nxd7 h5 27. Qd8+
Kh7 28. Nxf6+ Kh6 29. f5+ g5 30. Bxg5+ Qxg5 31. Qh8# 1-0

[Event "AUTO-OPEN-4646"]
[Site "http://www.queenalice.com/game.php?id=1871423"]
[Date "2026.4.4"]
[Round "1"]
[White "game"]
[Black "zubarev"]
[Result "0-1"]
[WhiteElo "1644"]
[BlackElo "1922"]

1. e4 e5 2. Nf3 Nc6 3. Bb5 d6 4. d3 Bd7 5. a4 Nf6 6. Ng5 h6 7. Nf3 Be7 8. O-O
O-O 9. Nc3 a6 10. Bc4 Qc8 11. d4 exd4 12. Nxd4 Ne5 13. Nf5 Bxf5 14. exf5 Nxc4
15. Re1 Re8 16. Qf3 Ne5 17. Qg3 Kh7 18. Qe3 Qxf5 19. Qd3 Nxd3 0-1

[Event "AUTO-ADV-4928"]
[Site "http://www.queenalice.com/game.php?id=1871493"]
[Date "2026.4.5"]
[Round "1"]
[White "zubarev"]
[Black "maurice916"]
[Result "1-0"]
[WhiteElo "1960"]
[BlackElo "1860"]

1. d4 d6 2. e4 c6 3. Nc3 g6 4. Nf3 Bg7 5. Bd3 Bg4 6. Be2 Nd7 7. O-O e5 8. d5 c5
9. Be3 Nb6 10. a3 Ne7 11. h3 Bd7 12. Ne1 O-O 13. f4 f5 14. Bb5 Bxb5 15. Nxb5
fxe4 16. c3 Nc4 17. Bf2 exf4 18. b3 e3 19. bxc4 exf2+ 20. Kxf2 a6 21. Nxd6 Qxd6
22. Rb1 Bxc3 23. Rxb7 Bd4+ 24. Kf3 g5 25. Qe2 Nf5 26. Qd3 Nh4+ 27. Kg4 Qf6 28.
Qxh7# 1-0

[Event "AUTO-ADV-4928"]
[Site "http://www.queenalice.com/game.php?id=1871494"]
[Date "2026.4.5"]
[Round "1"]
[White "maurice916"]
[Black "zubarev"]
[Result "0-1"]
[WhiteElo "1832"]
[BlackElo "1976"]

1. Nf3 Nf6 2. b3 d5 3. Bb2 e6 4. e3 Nc6 5. c4 Bd6 6. cxd5 exd5 7. Bb5 Bd7 8. O-O
O-O 9. d4 Ne4 10. Nbd2 f5 11. a3 Qf6 12. Ne5 Be8 13. f4 Bxe5 14. dxe5 Qe7 15. a4
a6 16. Be2 Bg6 17. Nf3 Rad8 18. Nd4 Nxd4 19. exd4 Qd7 20. Bd3 c5 21. Rc1 b6 22.
Bxa6 Qa7 23. Bb5 Qc7 24. dxc5 bxc5 25. Be2 d4 26. Bc4+ Kh8 27. Bd3 Rb8 28. Bxd4
Rfd8 29. Be3 Qb6 30. Qc2 Qxb3 31. Qxb3 Rxb3 32. Bxe4 Rxe3 33. Bf3 Rc8 34. Rf2
Ra3 35. Rfc2 Rxa4 36. Rxc5 Rxc5 37. Rxc5 h6 38. g3 Ra6 39. h4 Kg8 40. h5 Bf7 41.
Kg2 Kh7 42. Kh3 Ra3 43. Rc7 Be8 44. Re7 Bb5 45. Bg2 Bc4 46. Rc7 Be2 47. Kh4 Ra2
48. Bh3 Bd3 49. Rf7 Rh2 50. e6 Bf1 51. e7 Rxh3# 0-1

[Event "AUTO-OPEN-4648"]
[Site "http://www.queenalice.com/game.php?id=1871990"]
[Date "2026.4.15"]
[Round "1"]
[White "Capixabba789"]
[Black "zubarev"]
[Result "1-0"]
[WhiteElo "1892"]
[BlackElo "1990"]

1. d4 d5 2. Nc3 Nf6 3. f4 e6 4. Nf3 Nc6 5. e3 Bb4 6. Bd2 O-O 7. Bd3 h6 8. O-O
Re8 9. Ne5 Nxe5 10. fxe5 Nh7 11. Qf3 Qe7 12. Rad1 Ng5 13. Qf2 c5 14. e4 Bxc3 15.
Bxc3 c4 16. Be2 Nxe4 17. Qe1 Bd7 18. Bd2 b5 19. Bf3 Ng5 20. Bxg5 Qxg5 21. c3 a5
22. a3 b4 23. axb4 axb4 24. cxb4 Ra2 25. Qf2 Rb8 26. Bxd5 Rxb4 27. Qxf7+ Kh7 28.
Bf3 Qd8 29. Be4+ Kh8 30. Qg6 1-0

[Event "AUTO-OPEN-4648"]
[Site "http://www.queenalice.com/game.php?id=1871991"]
[Date "2026.4.15"]
[Round "1"]
[White "zubarev"]
[Black "Capixabba789"]
[Result "1-0"]
[WhiteElo "1975"]
[BlackElo "1909"]

1. d4 d5 2. Nc3 Nf6 3. Nf3 e6 4. e3 Be7 5. Bd3 O-O 6. O-O c6 7. Ne5 Nbd7 8. f4
Re8 9. Bd2 Nf8 10. Qf3 Ng6 11. Rae1 Nxe5 12. fxe5 Ne4 13. Qxf7+ Kh8 14. Nxe4 Rf8
15. Qh5 dxe4 16. Bxe4 1-0